000 00256nam a2200109 4500
082 _a428GEO
100 _aGeorge, Sebastian
245 _aTeaching English as a second Language
260 _aNew Delhi:
_bCommonwealth,
_c2009.
300 _a261p. ;
942 _cBK
999 _c5357
_d5357